Οι λόγιοι του Δεσποτάτου της Ηπείρου

Αποθηκεύτηκε σε:
Λεπτομέρειες βιβλιογραφικής εγγραφής
Κύριος συγγραφέας: Τωμαδάκης, Νικόλαος Β. 1907-1993
Μορφή: Βιβλίο
Γλώσσα:Greek
Δημοσίευση: Ιωάννινα : Εταιρεία Ηπειρωτικών Μελετών, 1960
Θέματα:
Ετικέτες: Προσθήκη ετικέτας
Δεν υπάρχουν, Καταχωρήστε ετικέτα πρώτοι!

MARC

LEADER 00000cam a2200000 i 4500
001 1/55800
008 040524s1960 gre d
035 |l 10073492 
040 |a GR-MY-UA  |b gre  |e aacr 
041 0 |a gre 
082 0 |a 888.092 
100 1 |a Τωμαδάκης, Νικόλαος Β.  |d 1907-1993. 
245 1 3 |a Οι λόγιοι του Δεσποτάτου της Ηπείρου /  |c Νικολάου Β. Τωμαδάκη 
260 |a Ιωάννινα :   |b Εταιρεία Ηπειρωτικών Μελετών,   |c 1960 
300 |a 19 σ. 
650 0 0 |a Classical philology  |x Study and teaching  |z Byzantine Empire. 
650 0 0 |a Greek literature  |x History and criticism. 
651 0 |a Byzantine Empire  |x Intellectual life. 
852 |a INST  |b RHODES  |c AKA  |e 20040524  |h  888.092 ΤΩΜ  |p 005400019023  |q 005400019023  |t BK  |y 0 
901 |a BIBL4-2004-2 
909 |a Ρ  |b 109491 
970 |a ΚΟΥΛΑΚΙΟΤΗ  |b ΛΙΤΣΑ  |z 2004/05/24